Výskumný ústav vodného hospodárstva - 65 rokov

Z histórie ústavu. Oblasť činnosti VÚVH. Národné referenčné laboratórium pre oblasť vôd na Slovensku.

Enregistré dans:
Détails bibliographiques
Auteur principal: Berecová, Mária
Format: Chapitre de livre
Langue:slovaque
Sujets:
Tags: Ajouter un tag
Pas de tags, Soyez le premier à ajouter un tag!

MARC

LEADER 00000naa a2200000 4500
001 0224656
005 20221104113010.2
041 0 |a slo 
044 |a SK 
245 1 0 |a Výskumný ústav vodného hospodárstva - 65 rokov  |c Mária Berecová 
520 |a Z histórie ústavu. Oblasť činnosti VÚVH. Národné referenčné laboratórium pre oblasť vôd na Slovensku. 
610 2 0 |a vodohospodárstvo 
610 2 0 |a ústavy výskumné 
610 2 0 |a ústavy vedeckovýskumné 
610 2 0 |a Slovensko 
100 1 |a Berecová, Mária